|
|
|
|
| LEADER |
00000naa2a2200000 4500 |
| 001 |
603085 |
| 005 |
20260226091525.0 |
| 035 |
|
|
|a (RuTPU)RU\TPU\conf\224
|
| 035 |
|
|
|a RU\TPU\conf\221
|
| 090 |
|
|
|a 603085
|
| 100 |
|
|
|a 20131210d2013 k y0rusy50 ca
|
| 101 |
0 |
|
|a rus
|
| 102 |
|
|
|a RU
|
| 135 |
|
|
|a drnn ---uucaa
|
| 181 |
|
0 |
|a i
|
| 182 |
|
0 |
|a b
|
| 200 |
1 |
|
|a Совершенствование системы снижения и смягчения ущерба от чрезвычайных ситуаций при поднятии уровня грунтовых вод
|f Б. С. Салилбеков
|g науч. рук. А. Н. Гормаков
|
| 203 |
|
|
|a Текст
|c электронный
|
| 225 |
1 |
|
|a Современные технологии в неразрушающем контроле
|
| 300 |
|
|
|a Заглавие с титульного экрана
|
| 320 |
|
|
|a [Библиогр.: с. 190 (3 назв.)]
|
| 337 |
|
|
|a Adobe Reader
|
| 461 |
|
1 |
|0 (RuTPU)RU\TPU\conf\171
|t Ресурсоэффективные системы в управлении и контроле: взгляд в будущее
|o сборник научных трудов II Международной конференции школьников, студентов, аспирантов, молодых ученых, 08 - 12 октября 2013 г.
|o в 4 ч.
|f Национальный исследовательский Томский политехнический университет (ТПУ)
|d 2013
|
| 463 |
|
1 |
|0 (RuTPU)RU\TPU\conf\172
|t Ч. 1
|v [С. 189-190]
|d 2013
|
| 610 |
1 |
|
|a труды учёных ТПУ
|
| 610 |
1 |
|
|a электронный ресурс
|
| 610 |
1 |
|
|a ущербы
|
| 610 |
1 |
|
|a чрезвычайные ситуации
|
| 610 |
1 |
|
|a грунтовые воды
|
| 610 |
1 |
|
|a совершенствование
|
| 700 |
|
1 |
|a Салилбеков
|b Б. С.
|
| 702 |
|
1 |
|a Гормаков
|b А. Н.
|c специалист в области приборостроения
|c доцент Томского политехнического университета, кандидат технических наук
|f 1949-
|g Анатолий Николаевич
|4 727
|
| 712 |
0 |
2 |
|a Национальный исследовательский Томский политехнический университет
|c (2009- )
|9 26305
|
| 801 |
|
2 |
|a RU
|b 63413507
|c 20131210
|g RCR
|
| 856 |
4 |
|
|u http://www.lib.tpu.ru/fulltext/c/2013/C47/V1/069.pdf
|
| 942 |
|
|
|c BK
|